Music Quiz

Random Music or Oscar Quiz

Best Song Oscar & Billboard #1 Quiz Stats

Quiz Updated Mar 16, 2012

Challenge
Share
Tweet
Embed
Score 0/16 Timer 05:00
0 Plays Today
Year Song % Correct
1997My Heart Will Go On
74.5%
2002Lose Yourself
63%
1971Theme from Shaft
59.9%
1983Flashdance...What a Feeling
45.2%
1987(I've Had) The Time of My Life
42.7%
1969Raindrops Keep Fallin' on My Head
40.4%
1986Take My Breath Away
39.2%
1982Up Where We Belong
35.6%
Year Song % Correct
1977You Light Up My Life
34.2%
1973The Way We Were
30.3%
1984I Just Called to Say I Love You
26.5%
1981Arthur's Theme (Best That You Can Do)
24.8%
1976Evergreen (Love Theme from A Star Is Born)
23.4%
1992A Whole New World
22.4%
1972The Morning After
22.2%
1985Say You, Say Me
15.6%

You're not logged in!

Compare scores with friends on all Sporcle quizzes.
Sign Up with Email
OR
Log In

You Might Also Like...

Show Comments

Extras

Top Quizzes Today


Score Distribution

Your Account Isn't Verified!

In order to create a playlist on Sporcle, you need to verify the email address you used during registration. Go to your Sporcle Settings to finish the process.